چراغوں کا دھواں : (Record no. 191719)

MARC details
000 -LEADER
fixed length control field 00672nam a22001937a 4500
005 - DATE AND TIME OF LATEST TRANSACTION
control field 20220901121830.0
010 ## - LCCN (DPL NO)
LC control number UR-11696
020 ## - INTERNATIONAL STANDARD BOOK NUMBER
International Standard Book Number 9789392496622
Terms of availability 150.00
035 ## - SYSTEM CONTROL NUMBER
System control number U-10251
037 ## - SOURCE OF ACQUISITION
Source of stock number/acquisition DBAD/PUB
Stock number -
082 ## - DEWEY DECIMAL CLASSIFICATION NUMBER
Classification number 840.08
100 ## - MAIN ENTRY--PERSONAL NAME
Personal name رضوان الّاہ آروی
245 ## - TITLE STATEMENT
Title چراغوں کا دھواں :
Remainder of title رپور تاژ /
Statement of responsibility, etc رضوان الّاہ آروی
Medium ا ر د و
246 ## - VARYING FORM OF TITLE
Title proper/short title Chiraghon Ka Dhuwan /
Remainder of title by Rizwanullah Arvi
260 ## - PUBLICATION, DISTRIBUTION, ETC. (IMPRINT)
Place of publication, distribution, etc New Delhi
Name of publisher, distributor, etc Educational Publishing House
Date of publication, distribution, etc 2021 ء
270 ## - ADDRESS
Address H.O. D1/16, Ansari Road, Daryaganj
City New Delhi
Postal code 110002
300 ## - PHYSICAL DESCRIPTION
Extent 104 ص
Dimensions 23cm(Hb)
942 ## - ADDED ENTRY ELEMENTS (KOHA)
Source of classification or shelving scheme Dewey Decimal Classification
Item type Urdu Bks
Classification part 840.08
Call number suffix ر ض و
Holdings
Withdrawn status Lost status Not for loan Collection code Home library Current library Date acquired Source of acquisition Cost, normal purchase price Full call number Barcode Copy number Cost, replacement price Koha item type
      Non-fiction Sarojini Nagar Sarojini Nagar 01/09/2022 DBAD/PUB 150.00 840.08 ر ض و U-10251 1 150.00 Urdu Bks

© Delhi Public Library
Hit Counter
free hit counter